000 00806 a2200217 4500
999 _c26281
_d26281
008 090512t xxu||||| |||| 00| 0 eng d
010 _aB-285045
020 _a0143335170
_c225.00
020 _a9780143335177
_c225.00
035 _aB-285045, B-215214
037 _bUBH
040 _adpl
_bEnglish
082 _aS
245 _aThe Puffin book of funny stories /
_cillustrated by Amit Vachharajani
260 _aNew Delhi
_bPuffin Books
_c2005
270 _a11, Community Centre, Panchsheel Park
_bNew Delhi
_e110017
300 _a199p.:
_c20cm. (pbk)
_bill.
700 _aVachharajani, Amit
942 _adpl
_cCH
_2ddc
_hS
_mTHE